00850nam a2200265 i 4500001000300000100002000003245009100023260003900114300002700153504002200180650001500202650002600217655003000243710003300273020001500306040000800321041000700329080001800336920001800354942000700372008004100379999001700420856009800437952004900535bg1 aCZECH, Ludmiła10aUniwersalna konstrukcja stożkowych /cLudmiła Czech ; Politechnika Częstochowska. aCzęstochowa :bWydaw. PC,c2001. a37 s. :bil. ;c24 cm. aBibliogr. Indeks. 9aStożkowe 9aGeometria wykreślna aPodręczniki akademickie 0aPolitechnika Częstochowska a8371931565 cBPK0 apl a514.18(075.8) a83-7193-156-5 cKS s pl f |000 0 pol  c42152d42152 uhttp://koha.tu.koszalin.pl/cgi-bin/koha/opac-detail.pl?biblionumber=42152yKatalog online BPK 00104070aBPKbBPKcwo65907p01904994yKS